000 00329nam a2200145Ia 4500
003 OSt
005 20240315155028.0
008 170523s9999 xx 000 0 und d
020 _a978-8181890498
040 _cIIMTU
100 _aVERMA -SINGH
245 0 _aPRODUCTION TECHNOLOGY -II
260 _aJPNP MEERUT
942 _2ddc
_c02
999 _c10970
_d10970